[Event "KEN Nat Team Selection (Women)"]
[Site "Ruaraka"]
[Date "2023.01.29"]
[Round "11"]
[White "Kimani, Wanjiru"]
[Black "Muturi, Erica Mumbi"]
[Result "1/2-1/2"]
[WhiteElo "1282"]
[BlackElo "1015"]
[PlyCount "92"]
[EventDate "2023.01.20"]
[EventType "tourn"]
[EventRounds "11"]
[EventCountry "KEN"]
[SourceTitle "CBM 213 Extra"]
[Source "ChessBase"]
[SourceDate "2023.05.31"]
[SourceVersion "1"]
[SourceVersionDate "2023.05.31"]
[SourceQuality "1"]

1. d4 d5 2. c4 c6 3. Nf3 Nf6 4. g3 Bf5 5. Nc3 e6 6. Bg2 Nbd7 7. Qb3 b6 8. a4 Be7 9. 0-0 0-0 10. Nh4 Bg6 11. Nxg6 fxg6 12. cxd5 cxd5 13. Bh3 Kh8 14. Bxe6 Nb8 15. Nxd5 Nc6 16. Be3 Qd6 17. Nxf6 Rxf6 18. Bd5 Re8 19. Rac1 Nb4 20. Bg2 Rff8 21. Rc4 Nd5 22. Rc2 Nxe3 23. Qxe3 Bf6 24. Qd3 Rc8 25. Rfc1 Rxc2 26. Rxc2 Qb4 27. b3 Bxd4 28. e3 Bc5 29. Bc6 a5 30. Bb5 Rf6 31. Kg2 Rf8 32. Qc4 Qa3 33. Qd3 Qb4 34. Bc4 Be7 35. Rd2 Qc5 36. Qd5 Qb4 37. Re2 Rd8 38. Qb5 Qd6 39. e4 Rf8 40. Bd5 Qd8 41. Rc2 Bc5 42. Qf1 Qf6 43. Qe2 g5 44. h3 Qe5 45. Qg4 Qd4 46. Qe2 Qf6 1/2-1/2

[Event "KEN Nat Team Selection (Women)"]
[Site "Ruaraka"]
[Date "2023.01.29"]
[Round "10"]
[White "Muturi, Erica Mumbi"]
[Black "Elizabeth, Cassidy Maina"]
[Result "0-1"]
[WhiteElo "1015"]
[BlackElo "1295"]
[PlyCount "66"]
[EventDate "2023.01.20"]
[EventType "tourn"]
[EventRounds "11"]
[EventCountry "KEN"]
[SourceTitle "CBM 213 Extra"]
[Source "ChessBase"]
[SourceDate "2023.05.31"]
[SourceVersion "1"]
[SourceVersionDate "2023.05.31"]
[SourceQuality "1"]

1. e4 c5 2. c3 d5 3. e5 Nc6 4. d4 cxd4 5. cxd4 Bf5 6. a3 Qb6 7. Nc3 e6 8. Be3 Qxb2 9. Nb5 Rc8 10. Nf3 a6 11. Nd6+ Bxd6 12. exd6 Nf6 13. Be2 Ne4 14. d7+ Kxd7 15. 0-0 Nc3 16. Qd2 Qxd2 17. Nxd2 Nxe2+ 18. Kh1 Nexd4 19. Ra2 b5 20. Rd1 Ne2 21. Re1 Ncd4 22. Rb2 Nc2 23. Rd1 Nxe3 24. fxe3 Nc1 25. Nf3 Nd3 26. Rbd2 Rc3 27. Ra1 Rhc8 28. h3 Be4 29. Ng5 Nc5 30. Nxf7 Nb3 31. Rf1 Nxd2 32. Ne5+ Kd6 33. Nf7+ Ke7 0-1

[Event "KEN Nat Team Selection (Women)"]
[Site "Ruaraka"]
[Date "2023.01.20"]
[Round "1"]
[White "Muturi, Erica Mumbi"]
[Black "Kariuki, Silvia Wahito"]
[Result "1-0"]
[WhiteElo "1015"]
[BlackElo "1064"]
[PlyCount "164"]
[EventDate "2023.01.20"]
[EventType "tourn"]
[EventRounds "11"]
[EventCountry "KEN"]
[SourceTitle "CBM 213 Extra"]
[Source "ChessBase"]
[SourceDate "2023.05.31"]
[SourceVersion "1"]
[SourceVersionDate "2023.05.31"]
[SourceQuality "1"]

1. e4 c6 2. Nf3 d5 3. e5 Bg4 4. d4 c5 5. c3 cxd4 6. cxd4 Nc6 7. Be2 e6 8. h3 Bxf3 9. Bxf3 Qb6 10. Qa4 Qxd4 11. Qxd4 Nxd4 12. Bd1 Ne7 13. 0-0 Ng6 14. Re1 Rc8 15. Nc3 Bb4 16. Be3 Nc6 17. Ba4 a6 18. Bxc6+ Rxc6 19. Bd4 0-0 20. a3 Bxc3 21. Bxc3 h6 22. Bd2 Rc4 23. b4 Rc2 24. Be3 b5 25. a4 Rfc8 26. Bc5 Nf4 27. Re3 Ne2+ 28. Kf1 Nc3 29. axb5 axb5 30. Ree1 Na4 31. Bd6 Rb2 32. Rec1 Rbc2 33. Re1 Rb2 34. Rec1 Rbc2 35. Re1 Rb2 36. Kg1 Rcc2 37. Rf1 f6 38. exf6 gxf6 39. Rac1 Nc3 40. Kh2 Ne4 41. Bc5 Nxc5 42. bxc5 Kf7 43. Rfe1 Rxf2 44. c6 Rxg2+ 45. Kh1 Rg8 46. c7 Rc8 47. Rc6 Rb3 48. Kh2 Rb2+ 49. Kg1 Rb4 50. Rexe6 Rf4 51. Re2 Re4 52. Rf2 Re6 53. Rc5 Rd6 54. h4 Ke6 55. Rg2 Kf7 56. h5 Rd7 57. Rg6 Rcxc7 58. Rxb5 Rc2 59. Rb6 Rc1+ 60. Kh2 Rf1 61. Rxh6 d4 62. Rh7+ Ke8 63. Rb8+ Rd8 64. Rh8+ Ke7 65. Rhxd8 Rf4 66. Kg3 Rf5 67. h6 Rh5 68. Rh8 Kf7 69. h7 Kg7 70. Rbg8+ Kf7 71. Rd8 Kg7 72. Rhe8 Rxh7 73. Rxd4 Rh5 74. Re7+ Kg6 75. Rd8 Rg5+ 76. Kf4 Rf5+ 77. Ke4 Rf1 78. Rg8+ Kh6 79. Kd5 Rf5+ 80. Kc6 Rf1 81. Re2 Kh7 82. Rg3 Rh1 1-0

[Event "KEN-ch (Women)"]
[Site "Nairobi"]
[Date "2022.12.28"]
[Round "5"]
[White "Gikandi, Bernice Wambui"]
[Black "Muturi, Erica Mumbi"]
[Result "0-1"]
[WhiteElo "1182"]
[BlackElo "1015"]
[PlyCount "79"]
[EventDate "2022.12.26"]
[EventType "swiss"]
[EventRounds "9"]
[EventCountry "KEN"]
[SourceTitle "EXT 2024"]
[Source "ChessBase"]
[SourceDate "2023.10.10"]
[SourceVersion "1"]
[SourceVersionDate "2023.10.10"]
[SourceQuality "1"]

1. d4 Nf6 2. Nf3 c6 3. c4 d5 4. Nc3 e6 5. Bg5 Be7 6. e3 h6 7. Bh4 Nbd7 8. Be2 b6 9. 0-0 Nf8 10. a3 Ng6 11. Bg3 0-0 12. Rc1 Bb7 13. Qc2 a5 14. Bd3 Nh8 15. Be5 g6 16. Rfe1 c5 17. Nb5 Qd7 18. Be2 Rfc8 19. Qb3 a4 20. Qd1 dxc4 21. Bxc4 Bd5 22. Bxd5 exd5 23. Nc3 c4 24. Bg3 b5 25. Ne5 Qe6 26. Nxb5 Ne4 27. Nc3 Nxg3 28. hxg3 Kh7 29. Nxa4 g5 30. Nc3 f6 31. Nf3 Rg8 32. Nb5 Bd8 33. Qc2+ Ng6 34. e4 dxe4 35. Rxe4 Qc6 36. Nc3 Ra7 37. Rce1 Kh8 38. Re6 Qd7 39. Qxg6 Rxg6 40. Re8+ 0-1